1195 1736 1289 1060 1258 1560 1788 1510 1786 1877 1880 1891 1998 1747 1290 1841 1089 1793 1942 1338 1133 1426 1838 1943 1710 1261 1916 1470 1610 1471 1795 1386 1889 1263 1032 1029 1500 1086 1392 1962 1849 1692 1375 1678 1380 1886 1459 1059 1451 1177 1924 1649 1664 1762 1765 1158 1948 1377 1013 1307 1203 1567 1464 1010 1949 1398 1395 1296 1783 1115 1782 1161 1124 1051 1593 1530 1551 1459 1723 1931 1658 1543 1376 1111 1897 1707 1500 1407 1406 1762 1817 1796 1389 1383 1724 1783 1642 1434 1165 BCNSPRNW ULIB Ver.6.0+V

เปลี่ยนเป็นภาษาไทย

Change to English
 แสดงรายละเอียดบรรณานุกรม
  กลับหน้าหลัก

Brief Record : Get Marc (ISO 2709) : E-mail record : QR code < ปิดหน้าต่าง
LEADER : 00000nam 2200000uu 4500
001    13399111883
003     ULIB
008    110627s2551||||th 000 0 tha d
020    9789741667680
090    นว.^bส681ส 2551
100 0  สาริสา
245 00 สืบร้อน ซ่อนรัก/^cสาริสา
250    พิมพ์ครั้งที่ 1
260    กรุงเทพฯ :^bษาริน,^c2551
300    280 หน้า
945    ^p199^l0^i024487
995    ทศพร
999 ^a ใช้งานได้ทุกระบบ
รายการนี้ยังไม่มีแท็ก
คุณยังไม่ได้ล็อกอิน คุณสามารถมีกิจกรรมร่วมกับเว็บไซต์ได้ แต่ต้องล็อกอินก่อน ::
  ล็อกอิน

รายการสื่อสารสนเทศ

ลำดับที่ ประเภท เลขเรียก/บาร์โค้ด สถานที่ สถานะ
- ไม่พบข้อมูล -

BibComment


ยังไม่เคยถูกคอมเมนท์

คอมเมนท์ทรัพยากรรายการนี้
  คอมเมนท์: สืบร้อน ซ่อนรัก ส..


 Copyright 2026. Bcnsprnw @Library